000 01302nam a2200301 a 4500
001 1377
003 BR-CuiBMT
005 20231206135034.0
008 231201s2012 dfba 001 0 por d
020 _a9788570184535
040 _aBR-CuiBMT
_cBR-CuiBMT
080 _a82-94:070
_22007
090 _a82-94:070
_bA772
245 0 0 _aArquivo Nelson Werneck Sodré :
_bcatálogo da obra jornalística /
_cLuitgarde Oliveira Cavalcanti Barros, Ana Lúcia Merege, Vera Lúcia Miranda Faillace, (organização) ; [autores Luitgarde Oliveira Cavalcanti Barros ... et al.] ; colaboradores: Alex Conceição Vasconcelos da Silva, Maria Batista Ramos.
260 _aBrasília :
_bSenado Federal :
_bConselho Editorial,
_c2012.
300 _a695 p. :
_bil. ;
_c23 cm
490 1 _aColeção edições do Senado Federal ;
_vv. 181
504 _aInclui bibliografia e índice.
600 1 _aSodré, Nelson Werneck,
_d1911-1999
650 _aBibliografia
_xCatálogos
650 _aLiteratura
_xHistória e crítica
_zBrasil
650 _aJornalista
_xHistoriador
_zBrasil
700 _aBarros, Luitgarde Oliveira Cavalcanti,
_d1941-
_4org.
700 _aMerege, Ana Lúcia,
_d1969-
_4org.
700 _aFaillace, Vera Lúcia Miranda,
_d1956-
_4org.
830 0 _aEdições do Senado Federal ;
_v181
942 _2udc
_cLV
999 _c1377
_d1377